Administración estratégica y política de negocios (Registro nro. 7369)

Detalles MARC
000 -Cabecera
Campo de control de longitud fija 02019nam a22005897a 4500
005 - Fecha y hora de la última transacción
Campo de control 20250528180940.0
008 - Elementos de longitud fija--Información general
Campo de control de longitud fija 160114b2013 xxu||||| |||| 00| 0 spa d
041 ## - Idioma
Código de idioma
082 ## - Clasificación Decimal Dewey
Número de clasificación 658.401.2 W561ad13
100 ## - Entrada principal--Autor personal
Nombre personal Weelen, Thomas L.
9 (RLIN) 948
100 ## - Entrada principal--Autor personal
Nombre personal Hunger, David J.
9 (RLIN) 949
245 ## - Título propiamente dicho
Título Administración estratégica y política de negocios
250 ## - Edición
Mención de edición 13 edición
260 ## - Pie de imprenta
Lugar de publicación, distribución, etc. Colombia
260 ## - Pie de imprenta
Nombre del editor, distribuidor, etc. Pearson
260 ## - Pie de imprenta
Fecha de publicación, distribución, etc. 2013
300 ## - Descripción física
Extensión 608 páginas
505 ## - Nota de contenido
Nota de contenido Parte uno: Introducción a la administración estratégica y política de negocios<br/>Parte dos: Análisis del entorno<br/>Parte tres: Formulación de la estrategia<br/>Parte Cuatro: Implementación estratégica y control<br/>Parte cinco: Introducción al análisis de casos<br/>Contiene Disco compacto número 709
650 ## - Materia general
Temática (materia general) PLANIFICACIÓN Y ELABORACIÓN DE POLÍTICAS
650 ## - Materia general
Temática (materia general) ADMINISTRACION ESTRATÉGICA
650 ## - Materia general
Temática (materia general) GLOBALIZACIÓN
650 ## - Materia general
Temática (materia general) SOSTENIBILIDAD AMBIENTAL
650 ## - Materia general
Temática (materia general) FORMULACIÓN DE ESTRATEGIA
650 ## - Materia general
Temática (materia general) AUDITORÍA ESTRATÉGICA
650 ## - Materia general
Temática (materia general) GOBIERNO CORPORATIVO
650 ## - Materia general
Temática (materia general) ÉTICA
650 ## - Materia general
Temática (materia general) RESPONSABILIDAD SOCIAL
650 ## - Materia general
Temática (materia general) ANÁLISIS DEL ENTORNO
650 ## - Materia general
Temática (materia general) EVOLUCIÓN DE LA INDUSTRIA
650 ## - Materia general
Temática (materia general) INTELIGENCIA COMPETITIVA
650 ## - Materia general
Temática (materia general) CARBONO PERSONAL
650 ## - Materia general
Temática (materia general) RECURSOS HUMANOS
650 ## - Materia general
Temática (materia general) ANÁLISIS ORGANIZACIONAL
650 ## - Materia general
Temática (materia general) ANÁLISIS COMPETITIVO
650 ## - Materia general
Temática (materia general) ANÁLISIS ORGANIZACIONAL
650 ## - Materia general
Temática (materia general) ANÁLISIS FODA
650 ## - Materia general
Temática (materia general) MARKETING
650 ## - Materia general
Temática (materia general) FORMULACIÓN DE ESTRATEGIA
650 ## - Materia general
Temática (materia general) ESTRATEGIA DE MARKETING
650 ## - Materia general
Temática (materia general) ESTRATEGIA FINANCIERA
650 ## - Materia general
Temática (materia general) IMPLEMENTACIÓN ESTRATÉGICA
650 ## - Materia general
Temática (materia general) EVALUACIÓN
650 ## - Materia general
Temática (materia general) CONTROL
650 ## - Materia general
Temática (materia general) PIRATERIA DE SOFTWARE
650 ## - Materia general
Temática (materia general) EMPRESAS DE INTERNET
650 ## - Materia general
Temática (materia general) ALIANZAS ESTRATÉGICAS INTERNACIONALES
650 ## - Materia general
Temática (materia general) DOTACIÓN PERSONAL
650 ## - Materia general
Temática (materia general) CULTURA ORGANIZACIONAL
650 ## - Materia general
Temática (materia general) MEDICIÓN DEL RENDIMIENTO
942 ## - Punto de acceso adicional KOHA
Tipo de ítem KOHA Libro
Fuente del sistema de clasificación o colocación Dewey Decimal Classification
Existencias
Signatura completa Código de barras Programa Académico Tipo de ítem
658.401.2 W561ad13 19679 Dirección y Administración de Empresas Libro
658.401.2 W561ad13 709DC Dirección y Administración de Empresas Disco Compacto